01533ngm a2200289 a 450000500170000000800410001708200150005810000360007311000290010924501190013825000180025730000540027549000280032950000140035750000180037152004520038952100380084165000600087965000600093970000290099974000570102826400350108533600270112033700330114733800280118004000350120820220317001436.0161108s2014 ck g 000 0 s 04a520 bD37c1 aHawking, Stephen Williamd1942- aDiscovery Communications00aDentro del universobviaje a través del tiempo con Stephen HawkingcDiscovery Communicationshvideodisco digital a1a. edición a1 DVD (45 minutos)bsonido, color, digitalc12 cm aDiscovery en la escuela aMultizona aDolby Digital aMe llamo Stephen Hawking, físico, cosmólogo y en cierta forma soñador y a pesar que no puede hablar sino solo a través de un computador, en mi mente soy libre, para explorar el Universo y para plantearme grandes interrogantes, como ¿si es posible viajar en el Tiempo?, podemos abrir un portal hacía el pasado?. O en contrar un atajo hacía el futuro? Podemos utilizar las leyes de la naturaleza para manejar el tiempo a nuestro antojo? aRecomendado para todas las edades142LEMBaAstronomíavDocumentalesvVideodiscos digitales142LEMBaCosmologíavDocumentalesvVideodiscos digitales1 aWilliams, Nathaneeditor aInto the universe : time travel with Stephen Hawking aBogotábMS Tv & Videosc2014 atextobtxt2rdacontent asin mediaciónbn2rdamedia avolumenbnc2rdacarrier aCO-BoRNBPbspaerdacCO-BoRNBP